000 004650000a22001930004500
001 001211
003 MACL
005 20151205114046.0
008 151205b xxu||||| |||| 00| 0 eng d
040 _aMACL
_cMACL
041 _aEnglish
082 _a741.642
100 _aHaydock, Karen
_919183
245 _aFrom Bone to Stone
_cKaren Haydock
260 _aNational Book Trust,
_c1999
350 _a22
650 _aChildren's Book
_919184
942 _k742
_cBK
_2ddc
999 _c1206
_d1206